000 00295nam a22001337a 4500
008 170608b xxu||||| |||| 00| 0 eng d
020 _a060446198
041 _aeng
080 _a32
100 _a17
101 _aSHP
245 _aTHE POLITICS OF BLACK AMERICA
_cMORRIS, M.D
942 _2udc
_cBK
999 _c16527
_d16527